000 00684nam a2200205Ii 4500
003 JO-AjNU
008 230605s9999||||xx |||||||||||||| ||und||
040 _aJO-AjNU
_bara
_erda
_cJO-AjNU
041 _aara
050 1 4 _aPJ7640.K3692 1985
100 3 _aتأليف الكنعاني، نعمان ماهر,
_eauthor
_936537
245 0 0 _aشعراء الواحدة
250 _aط2
264 3 1 _aبغداد:مكتبة النقاء،1985
300 _a115ص
336 _atext
_btxt
_2rdacontent
337 _aunmediated
_bn
_2rdamedia
338 _avolume
_bnc
_2rdacarrier
650 4 _aالشعر العربي - تاريخ ونقد - الشعراء العرب - تراجم
_936538
999 _aA15189
_c18757
_d18757